000
00242nam a22001097a 4500
082
_a
621.9 OST
100
_a
OSTERGAARD,D.EUGENE
_9
57016
245
_a
BASIC DIEMAKING
260
_a
NEW YORK
_b
MCGRAW HILL
_c
1963
300
_a
208P
942
_c
BK
999
_c
567329
_d
567329